=LDR 00000nam 2200000 4500 =001 INLIS000000000035516 =005 20130612141353 =008 ***********************************ind** =035 ##$$0010-061300000035516 =041 ##$$a ind =082 ##$$a 005.7 =090 ##$$a 005.7, Pra s =100 ##$$a Prahasta, Eddy =245 ##$$a Sistem informasi geografis, Tutorial racview/ Eddy Prahasra =260 ##$$a 2007 $b Bandung =300 ##$$a xvi,456 hlm., Ilus., 24 cm =650 ##$$a Komputer - Program =850 ##$$a NBPNMAT